| 000 | 01004nam a22002297a 4500 | ||
|---|---|---|---|
| 003 | DO-SdBNP | ||
| 005 | 20240528201512.0 | ||
| 007 | ta | ||
| 008 | 110301s2001 dr d 000 0 spa d | ||
| 040 |
_aDO-SdBNP _bspa _cBNPHU |
||
| 082 | 4 |
_axxxx _bO34p |
|
| 100 |
_aOgando, Eduardo _953747 |
||
| 245 | 1 | 0 |
_aPropuesta para apoyar los esfuerzos nacionales para la prevención de la intoxicación por plomo, dentro del contexto de la atención para la supervivencia, crecimiento y desarrollo de la infancia : _bprevalencia de intoxicación por plomo en niños/as de 6-72 meses de edad / _cEduardo Ogando, Conrado Depratt |
| 260 |
_aSanto Domingo : _bIDAN, _bIQUASD, _bUNICEF, _c2001. |
||
| 300 |
_a19 p. : _bgraf. _c28 cm. |
||
| 590 | _aInventariado, 2022/ YL | ||
| 710 |
_aInstituto Dominicano de Alimentación y Nutrición (IDAN) _982482 |
||
| 710 |
_aInstituto de Química de La Universidad Autónoma de Santo Domingo (IQUASD) _982483 |
||
| 710 | 2 |
_aUNICEF _983236 |
|
| 910 | _aYLockward | ||
| 942 |
_2ddc _cLF2 |
||
| 999 |
_c52517 _d52517 |
||